Máquinas milagrosas /

Guardado en:
Autor Corporativo: National Geographic.
Formato: Deslizar
Series:Especiales de la National Geographic
Materias:
Etiquetas: Agregar Etiqueta
Sin Etiquetas, Sea el primero en etiquetar este registro!
LEADER 00977ngm a22002415g 4500
001 CEM.cems021915
008 130507b1993##################0###0#####d
005 20240919165311.0
245 1 0 |a Máquinas milagrosas /  |c National Geographic. 
300 |a 58 
490 0 |a Especiales de la National Geographic 
500 |a En soporte VHS, consultar en ventanilla. 
505 0 |a Las computadoras y sus aplicaciones. La enseñanza de informática. Sistema binario. Evolución del cálculo. Evolución de la electrónica. Válvulas al vacío, el transitor, el chip. Los robots. El hombre y la tecnología. 
538 |a Soporte: VHS - Norma: Pal N - Color - Grabación DRD 1993 - Hitachi=4226 
110 2 |a National Geographic. 
082 0 0 |. 6/MAT 
653 |a COMPUTACION 
653 |a MATEMATICA 
653 |a SISTEMA BINARIO 
653 |a ROBOTS 
653 |a ELECTRONICA 
653 |a NIVEL SECUNDARIO 
859 |a CEMS  |b BIB. CEMS - Depto. Recursos Didacticos  |h 001.6  |i MAT  |k DRD  |p 558.12  |t Ej.1